| 000 | 00564nam a2200205Ia 4500 | ||
|---|---|---|---|
| 001 | 5262 | ||
| 003 | GE_BSU | ||
| 008 | 181216s||||||||xx |||||||||||||| ||und|| | ||
| 040 | _cGE_BSU | ||
| 080 | _a512+517.98 | ||
| 100 | _aБурбаки, Н. | ||
| 245 | _aСпектральная теория, | ||
| 245 | _cПер. с франц А В..Н Гурария. Под. ред. Е.А. Горина | ||
| 260 | _aМосква | ||
| 260 | _bМир | ||
| 260 | _c1972 | ||
| 300 | _a183 с.22 см. | ||
| 653 | _aСпектральная теория | ||
| 942 | _cBK | ||
| 999 |
_c38852 _d38852 |
||